[Event "Preinscritos IRT Online"]
[Site "Chess.com INT"]
[Date "2020.12.26"]
[Round "4"]
[White "Vergara Loor, James Steven"]
[Black "Vasquez Zambrano, Luis Fabricio"]
[Result "0-1"]
[WhiteElo "1931"]
[BlackElo "1620"]
[PlyCount "80"]
[EventDate "2020.12.26"]
[EventType "swiss"]
[EventRounds "11"]
[EventCountry "ECU"]
[SourceTitle "CBM 200 Extra"]
[Source "ChessBase"]
[SourceDate "2021.03.31"]
[SourceVersion "1"]
[SourceVersionDate "2021.03.31"]
[SourceQuality "1"]

1. c4 g6 2. g3 Bg7 3. Bg2 e5 4. Nc3 Nf6 5. e3 0-0 6. Nge2 Nc6 7. 0-0 Ne7 8. f4 exf4 9. Nxf4 c6 10. b3 d5 11. cxd5 Nexd5 12. Bb2 Nxf4 13. gxf4 Re8 14. Qe2 Bf5 15. Rfe1 Bd3 16. Qf3 Bf5 17. Rad1 Bg4 18. Qf2 Bxd1 19. Rxd1 Qe7 20. e4 Rad8 21. d4 a6 22. f5 Qf8 23. e5 Nd5 24. Ne4 f6 25. e6 Ne7 26. fxg6 hxg6 27. Nc5 Nd5 28. Re1 Qe7 29. Qg3 g5 30. Bh3 Nf4 31. Bc3 Nxh3+ 32. Qxh3 Rd6 33. Qf5 b6 34. Nxa6 Rxe6 35. Rxe6 Qxe6 36. Qxe6+ Rxe6 37. Nb4 f5 38. Kf2 c5 39. Nc2 cxd4 40. Bxd4 Rc6 0-1